| 000 | 00986nam a2200241 a 4500 | ||
|---|---|---|---|
| 001 | 49423 | ||
| 003 | BD-RjUL | ||
| 005 | 20211209054658.0 | ||
| 008 | 160820s1998 bg ||||| |||| 00| 0 ben d | ||
| 020 |
_a9840737465 _c: Tk. 70.00 |
||
| 035 | _a(BD-RjUL)49542 | ||
| 040 |
_aBD-RjUL _bben _cBD-RjUL |
||
| 041 | _aben | ||
| 082 |
_223 _a891.44072 _bMIB 1998 |
||
| 100 |
_aমিয়া, মুহম্মদ মজিরউদ্দীন _9148360 |
||
| 245 | 1 | 0 |
_aবাংলা গবেষনা পত্রিকা, (১৩০১-১৪০১) / _cমুহম্মদ মজিরউদ্দীন মিয়া |
| 260 |
_aঢাকা : _bবাংলা একাডেমী, _c১৯৯৮ |
||
| 300 |
_a[৮], ২২২ পৃ. ; _c২৩ সেমি. |
||
| 500 | _aনির্ঘণ্ট সংযুক্ত | ||
| 650 |
_aবাংলা সাহিত্য _xগবেষণা _9148361 |
||
| 650 |
_aBengali Literature _xResearch _9148362 |
||
| 942 |
_2ddc _cBK |
||
| 999 |
_c49423 _d49423 |
||